000 00254nam a2200097Ia 4500
001 916119
005 20250826185847.0
008 250824s9999 xx 000 0 und d
245 0 _aKÜÇÜK KÜLKEDİSİ
_cTERESA HEAPY
260 _bBİNBİR ÇİÇEK YAYINLARI
999 _c916119
_d916119